000 00621nam a22001697a 4500
999 _c188405
_d188405
005 20220520130404.0
010 _aENG-132747
020 _a9788184247237
_c999.00
035 _aEN-116279
037 _bDBAD/PUB
082 _2551.46
245 _aProceddings of the 2011 INternational Symposium on Ocean Electronics Sympol-2011/
_cEdited by P.R.S. Pillai and M.H. Supriya
260 _aNew Delhi
_bAllied Publishers Private Limited
_c2011
270 _a1/13-14 Asaf Ali Road
_bNew Delhi
_e110002
_mdelhi.books@alliedpublishers.com
300 _a250p.
_bIndex
_c25cm(hbk)
942 _2ddc
_cEN
_h551.46
_mPRO